Animals--only in LEGO - Statistics

General Stats
  • This quiz has been taken 84 times
    77 since last reset
  • The average score is 18 of 20
Answer Stats
Picture Answer % Correct
Cat
98%
Lion
98%
rat
97%
Bear
95%
Bunny
95%
Dog
95%
Frog
95%
Monkey
95%
Crocodile
93%
Dolphin
93%
Gorilla
93%
Chicken
92%
Goat
92%
Shark
92%
Squirrel
92%
Camel
90%
Deer
88%
Llama
85%
Red Panda
75%
Hamster
53%
No matching quizzes found
Score Distribution
Percent of People with Each Score
Percentile by Number Answered
Your Score History
You have not taken this quiz since the last reset